000 00412nam a2200181Ia 4500
001 16790
005 20260306170337.0
008 260306t2010||||xx |||||||||||||| ||und||
041 _aESP
082 _a657
_bH76 2010
100 _aHorngren,Charles T.
_eAUT
245 0 _aContabilidad
260 _c2010
300 _a790 páginas :
_c27 cm.
650 _aGEN
654 _aCCO
942 _cLIB
_dJUS
_fJUS
_2ddc
_n
999 _c16790
_d16790